1063 1526 1721 1168 1560 1193 1445 1975 1975 1443 1117 1917 1555 1009 1021 1228 1955 1609 1739 1694 1361 1559 1073 1207 1007 1167 1409 1870 1409 1817 1395 1514 1799 1025 1902 1837 1605 1068 1929 1727 1926 1060 1978 1298 1810 1817 1159 1554 1454 1495 1298 1617 1727 1582 1962 1591 1202 1221 1582 1566 1634 1596 1712 1751 1729 1521 1576 1931 1825 1959 1821 1673 1201 1201 1413 1174 1149 1840 1921 1027 1835 1677 1686 1714 1119 1296 1221 1963 1862 1205 1932 1321 1150 1942 1751 1720 1516 1997 1003 BCNSPRNW ULIB Ver.6.0+V

เปลี่ยนเป็นภาษาไทย

Change to English
 แสดงรายละเอียดบรรณานุกรม
  กลับหน้าหลัก

Brief Record : Get Marc (ISO 2709) : E-mail record : QR code < ปิดหน้าต่าง
LEADER : 00000nam 2200000uu 4500
001    13399114409
003     ULIB
008    110616s||||||||th 000 0 tha d
020    9786167322025
050  4 BF441^bช431ท
100 0  ชัยวัฒน์ สุทธิรัตน์
245 10 เทคนิคการใช้คำถามพัฒนาการคิด /^cชัยวัฒน์ สุทธิรัตน์
250    พิมพ์ครั้งที่ 2
260    กรุงเทพฯ :^bสหมิตรพริ้นติ้งแอนด์พับลิสชิ่ง,^c2553
300    154 หน้า
650  7 คำถาม^xพัฒนาการคิด
650  7 ทักษะทางการคิด
650  7 ความคิด
945    ^p130^l0^i031510
995    ทศพร
999 ^a ใช้งานได้ทุกระบบ
รายการนี้ยังไม่มีแท็ก
คุณยังไม่ได้ล็อกอิน คุณสามารถมีกิจกรรมร่วมกับเว็บไซต์ได้ แต่ต้องล็อกอินก่อน ::
  ล็อกอิน

รายการสื่อสารสนเทศ

ลำดับที่ ประเภท เลขเรียก/บาร์โค้ด สถานที่ สถานะ
- ไม่พบข้อมูล -

รายการใกล้เคียง
    ผู้แต่ง [ชัยวัฒน์ สุทธิรัตน์]

    หัวเรื่อง [ทักษะทางการคิด]
    หัวเรื่อง [ความคิด]

BibComment


ยังไม่เคยถูกคอมเมนท์

คอมเมนท์ทรัพยากรรายการนี้
  คอมเมนท์: เทคนิคการใช้คำถาม..


 Copyright 2026. Bcnsprnw @Library